000 01297nam a2200325 i 4500
001 183528
003 ES-MaACL
005 20240224062546.0
008 140714s2013 sp a | |||||||| | spa d
020 _a978-84-8472-766-8
080 _a821.134.2-2"19"
080 _a821.134.2 Martínez Azaña, Manuel 7 Barataria.07
245 0 0 _aManuel Martínez Azaña, Barataria /
_cedición de Verónica Azcue Castillón.
260 _a[Sevilla] :
_bRenacimiento,
_cimp. 2013.
300 _a131 p. :
_b1 retr. ;
_c22 cm.
490 1 _aBiblioteca del exilio ;
_v47
504 _aBibliografía: p. 64-67.
505 8 _aContiene: ;
_tBarataria /
_rde D. Miguel de Cervantes ; versión teatral de Germán Luis y Manuel Martínez Azaña(
_gp. [71]-131)
700 1 _aMartínez Azaña, Manuel
_977873
700 1 _aAzcue Castillón, Verónica.
_9154951
700 0 2 _aGefingal (
_d1934-)
_9154952
700 1 _aCervantes Saavedra, Miguel de,
_d1547-1616
_9226514
740 0 2 _aBarataria.
830 0 _aBiblioteca del exilio ;
_v47
_9180374
852 _aES-MaACL
_jA-13141
_9190469
_bR.149885
_cDEPO1
_dOlim:N-6141
_hDonación: José Esteban
903 _aEsteban, José,
_d1935-
_ednr
_948033
942 _2udc
_cMONOGRAFIA
999 _c183528
_d183528